|
|
|
|
| LEADER |
00000nab a22000007a 4500 |
| 005 |
20160428143618.0 |
| 008 |
160428b2012 cr f|||| |||| 00| 0 spa d |
| 090 |
|
|
|a REVIS 06.02.01
|
| 100 |
1 |
|
|9 1638
|a Narbona Gutiérrez, Aida Luisa
|
| 245 |
1 |
0 |
|a Estrategia de integración de los agentes educativos que intervienen en la formación integral de los estudiantes becarios de la Universidad de Holguín Oscar Lucero Moya /
|c Aida Luisa Narbona Gutiérrez, Amable Faedo Borges
|
| 260 |
|
|
|a San José, Costa Rica :
|b Editorial Universidad de Costa Rica,
|c 2012
|
| 300 |
|
|
|a páginas 9-10
|
| 520 |
|
|
|a Se ofrece una estrategia para la integración de los agentes educativos que influyen en la formación y desarrollo de los estudiantes. Se demuetra la importancia de perfeccionar el trabajo educativo en la residencia estudiantil a partir del enfoque estratégico integrador. Este aporte posibilita aunar a los agentes aducativos, al proponer acciones que facilitan su aplicación y puesta en práctica, con la finalidad de perfeccionar el trabajo educativo e influir en el estudio teórico y metodológico de este enfoque en la Residencia Estudiantil de la universidad de Holguín Oscar Lucero moya y las transformaciones que hoy enfrenta la enseñanza superior.
|
| 650 |
1 |
4 |
|9 1
|a EDUCACIÓN
|
| 700 |
1 |
|
|9 1639
|a Faedo Borges, Amable
|
| 773 |
0 |
|
|d San José, Costa Rica : Editorial de la Universidad de Costa Rica, 1997-
|o R0625
|t EDUCACIÓN: Revista de la Universidad de Costa Rica
|g Vol.36, no.1 (ene.-jun., 2012)
|
| 942 |
|
|
|h REVIS 06.02.01
|2 z
|c 10
|
| 999 |
|
|
|c 3168
|d 3168
|